Spôsob výroby (1S,4R)-4-(2-amino-6-chlór-9H-purín-9-yl)-2-cyklopentén-1-metanolu alebo jeho solí

Podrobná bibliografia
Médium: Kniha
Jazyk:slovenčina
Vydavateľské údaje: [Banská Bystrica] Úrad priemyselného vlastníctva Slovenskej republiky [2005]

MARC

LEADER 00000nam a2200000 a 4500
001 vtls008698302
003 SK-MaSNL
005 20260223182530.0
008 060504s2005 xo d j o000 0 slo
013 |a 284 595  |b sz, sz, sz, sz, ep  |c patentový spis  |d 20050701  |e dátum nadobudnutia účinkov patentu (Vestník ÚPV SR č.: 7/2005)  |d 20050620  |e dátum sprístupnenia patentu verejnosti 
013 |a 402-2004  |e číslo prihlášky  |d 19981123  |e dátum podania prihlášky  |d 20000313  |e dátum zverejnenia prihlášky (Vestník ÚPV SR č.: 03/2000) 
013 |a 2739/97, 2781/97, 0133/98, 0723/98, 98118895.6  |e číslo prioritnej prihlášky  |d 19971127, 19971203, 19980121, 19980327, 19981007  |e dátum podania prioritnej prihlášky 
040 |a SNK  |b slo  |c SNK  |e AACR2 
245 1 |a Spôsob výroby (1S,4R)-4-(2-amino-6-chlór-9H-purín-9-yl)-2-cyklopentén-1-metanolu alebo jeho solí 
260 |a [Banská Bystrica]  |b Úrad priemyselného vlastníctva Slovenskej republiky  |c [2005] 
999 |c 652113  |d 654043 
952 |a SNK  |b SNK  |y PREZ  |7 0  |p 17A0506937  |o snkSK 284595  |i snk2006/9192  |8 0  |0 0  |1 0  |4 0  |d 2006-05-04  |l 0  |r 2026-02-23 18:25:30  |w 2026-02-23